La herencia psicológica

Kaydedildi:
Detaylı Bibliyografya
Asıl Yazarlar: Ribot, Theodule (Yazar), Rubio, Ricardo (Yazar)
Materyal Türü: Kitap
Dil:İspanyolca
Baskı/Yayın Bilgisi: Madrid Librería Fernando Fé-Victoriano Suárez 1900
Konular:
Etiketler: Etiketle
Etiket eklenmemiş, İlk siz ekleyin!

MARC

LEADER 00000nam a2200000 a 4500
001 UCY5681
003 CL-VaPUC
008 950512e19000000SP |||||||||||||||||spa|d
082 0 4 |a 155.7  |b RIB  |2 21 
100 0 |a Ribot, Theodule  |e author  |9 334755 
700 0 |a Rubio, Ricardo  |e author  |9 334756 
245 1 3 |a La herencia psicológica 
300 |a 392 p 
942 |c BK 
945 |d 19950512 00:00:00  |a mfernand 
260 |a Madrid  |b Librería Fernando Fé-Victoriano Suárez  |c 1900 
650 7 |a PSICOLOGIA GENETICA  |2 CL-VaPUC  |9 308771 
650 7 |a INSTINTOS  |2 CL-VaPUC  |9 334636 
650 0 |a Percepción   |9 266750 
650 7 |a PSICOLOGIA DE LOS PROCESOS SENSORIALES  |2 CL-VaPUC  |9 334757 
650 0 |a Memoria  |9 266549 
650 0 |a Inteligencia  |9 267038 
650 0 |a Emociones   |9 265224 
650 0 |a Herencia  |9 256325 
650 0 |a Psicología social   |9 222894 
650 0 |a Psicología clínica  |9 307259 
650 0 |a Psicología del desarrollo  |9 307541 
583 |a last modification  |c 19950512 00:00:00  |k Rodrigo Vera 
999 |c 233309  |d 233307 
952 |0 0  |1 0  |4 0  |6 155_700000000000000_RIB_1900  |7 0  |8 P  |9 238736  |a BIBEDU  |b BIBEDU  |d 2019-11-18  |i 1505033  |o 155.7 RIB 1900  |p 1505033  |r 2024-01-25  |w 2019-11-18  |y BK  |k EDU